000 00762nam a2200217 a 4500
001 000021513
005 20260212111435.0
008 100908s1994 waud 000 0 spa d
020 _a0195209966
040 _aDO-SdBNP
_bspa
_cBNPHU
082 _a331.252
_bB213e
110 2 _aBanco Mundial
_932071
245 1 0 _aEnvejecimiento sin crisis :
_bpolíticas para la protección de los ancianos y la promoción del crecimiento.
260 _aWashington :
_bBanco Mundial,
_c1994.
300 _a457 p. :
_btablas, ;
_c23 cm.
500 _a"Informe del Banco Mundial sobre investigaciones relativas a políticas de desarrollo".
650 0 _aPensiones
_944832
650 4 _aIngresos de jubilación
_944833
650 4 _aAsistencia a la vejez
_931087
049 _aBNGR
999 _c21013
_d21013